<?xml version='1.0' encoding='UTF-8'?><?xml-stylesheet href='static/style.xsl' type='text/xsl'?><OAI-PMH xmlns="http://www.openarchives.org/OAI/2.0/" xmlns:xsi="http://www.w3.org/2001/XMLSchema-instance" xsi:schemaLocation="http://www.openarchives.org/OAI/2.0/ http://www.openarchives.org/OAI/2.0/OAI-PMH.xsd"><responseDate>2026-04-15T22:31:04Z</responseDate><request verb="GetRecord" identifier="oai:ebiltegia.mondragon.edu:20.500.11984/5574" metadataPrefix="marc">https://ebiltegia.mondragon.edu/oai/request</request><GetRecord><record><header><identifier>oai:ebiltegia.mondragon.edu:20.500.11984/5574</identifier><datestamp>2024-11-07T14:29:41Z</datestamp><setSpec>com_20.500.11984_473</setSpec><setSpec>col_20.500.11984_478</setSpec></header><metadata><record xmlns="http://www.loc.gov/MARC21/slim" xmlns:dcterms="http://purl.org/dc/terms/" xmlns:xsi="http://www.w3.org/2001/XMLSchema-instance" xmlns:doc="http://www.lyncode.com/xoai" xsi:schemaLocation="http://www.loc.gov/MARC21/slim http://www.loc.gov/standards/marcxml/schema/MARC21slim.xsd">
   <leader>00925njm 22002777a 4500</leader>
   <datafield ind2=" " ind1=" " tag="042">
      <subfield code="a">dc</subfield>
   </datafield>
   <datafield ind2=" " ind1=" " tag="720">
      <subfield code="a">Soto-Gordoa, Myriam</subfield>
      <subfield code="e">author</subfield>
   </datafield>
   <datafield ind2=" " ind1=" " tag="260">
      <subfield code="c">2016</subfield>
   </datafield>
   <datafield ind2=" " ind1=" " tag="520">
      <subfield code="a">Background&#xd;
Breast cancer screening in the Basque Country has shown 20 % reduction of the number of BC deaths and an acceptable overdiagnosis level (4 % of screen detected BC). The aim of this study was to evaluate the breast cancer early detection programme in the Basque Country in terms of retrospective cost-effectiveness and budget impact from 1996 to 2011.&#xd;
&#xd;
Methods&#xd;
A discrete event simulation model was built to reproduce the natural history of breast cancer (BC). We estimated for lifetime follow-up the total cost of BC (screening, diagnosis and treatment), as well as quality-adjusted life years (QALY), for women invited to participate in the evaluated programme during the 15-year period in the actual screening scenario and in a hypothetical unscreened scenario. An incremental cost-effectiveness ratio was calculated with the use of aggregated costs. Besides, annual costs were considered for budget impact analysis. Both population level and single-cohort analysis were performed. A probabilistic sensitivity analysis was applied to assess the impact of parameters uncertainty.&#xd;
&#xd;
Results&#xd;
The actual screening programme involved a cost of 1,127 million euros and provided 6.7 million QALYs over the lifetime of the target population, resulting in a gain of 8,666 QALYs for an additional cost of 36.4 million euros, compared with the unscreened scenario. Thus, the incremental cost-effectiveness ratio was 4,214€/QALY. All the model runs in the probabilistic sensitivity analysis resulted in an incremental cost-effectiveness ratio lower than 10,000€/QALY. The screening programme involved an increase of the annual budget of the Basque Health Service by 5.2 million euros from year 2000 onwards.&#xd;
&#xd;
Conclusions&#xd;
The BC screening programme in the Basque Country proved to be cost-effective during the evaluated period and determined an affordable budget impact. These results confirm the epidemiological benefits related to the centralised screening system and support the continuation of the programme.</subfield>
   </datafield>
   <datafield ind1="8" ind2=" " tag="024">
      <subfield code="a">1471-2407</subfield>
   </datafield>
   <datafield ind1="8" ind2=" " tag="024">
      <subfield code="a">https://katalogoa.mondragon.edu/janium-bin/janium_login_opac.pl?find&amp;ficha_no=128611</subfield>
   </datafield>
   <datafield ind1="8" ind2=" " tag="024">
      <subfield code="a">https://hdl.handle.net/20.500.11984/5574</subfield>
   </datafield>
   <datafield tag="653" ind2=" " ind1=" ">
      <subfield code="a">Breast cancer</subfield>
   </datafield>
   <datafield tag="653" ind2=" " ind1=" ">
      <subfield code="a">Screening</subfield>
   </datafield>
   <datafield tag="653" ind2=" " ind1=" ">
      <subfield code="a">Cost-effectiveness</subfield>
   </datafield>
   <datafield tag="653" ind2=" " ind1=" ">
      <subfield code="a">Budget impact analysis</subfield>
   </datafield>
   <datafield tag="653" ind2=" " ind1=" ">
      <subfield code="a">simulation</subfield>
   </datafield>
   <datafield tag="653" ind2=" " ind1=" ">
      <subfield code="a">Modelling</subfield>
   </datafield>
   <datafield tag="653" ind2=" " ind1=" ">
      <subfield code="a">Evaluation</subfield>
   </datafield>
   <datafield tag="653" ind2=" " ind1=" ">
      <subfield code="a">Public health</subfield>
   </datafield>
   <datafield ind2="0" ind1="0" tag="245">
      <subfield code="a">Economic evaluation of the breast cancer screening programme in the Basque Country: retrospective cost-effectiveness and budget impact analysis</subfield>
   </datafield>
</record></metadata></record></GetRecord></OAI-PMH>